Finex '98

Banky v SR. Banky podľa vybraných ukazovateľov. Elektronické bankovníctvo. Bankové karty. Banky vo svete. Leasing. Poisťovne na Slovensku, adresár. Kapitálový trh.

Na minha lista:
Detalhes bibliográficos
Formato: Capítulo de Livro
Idioma:eslovaco
Assuntos:
Tags: Adicionar Tag
Sem tags, seja o primeiro a adicionar uma tag!

MARC

LEADER 00000naa a2200000 4500
001 r032824
005 20230921084020.1
041 0 |a slo 
044 |a SK 
245 1 0 |a Finex '98 
520 |a Banky v SR. Banky podľa vybraných ukazovateľov. Elektronické bankovníctvo. Bankové karty. Banky vo svete. Leasing. Poisťovne na Slovensku, adresár. Kapitálový trh. 
610 2 0 |a banky 
610 2 0 |a bankovníctvo 
610 2 0 |a lízing 
610 2 0 |a poisťovne 
610 2 0 |a poisťovníctvo 
610 2 0 |a trh kapitálový 
610 2 0 |a Slovensko 
610 2 0 |a svet 
610 2 0 |a bankovníctvo elektronické 
610 2 0 |a Finex '98